Statistics for NFL team's best QB OAT in 20 Years

Click here to take the quiz!

General Stats

  • This quiz has been taken 25 times
  • The average score is 24 of 32

Answer Stats

TeamPlayer% Correct
ColtsPeyton Manning
100%
BengalsJoe Burrow
95%
BuccaneersTom Brady
95%
PatriotsTom Brady
95%
BillsJosh Allen
91%
SeahawksRussell Wilson
91%
DolphinsDan Marino
86%
SaintsDrew Brees
86%
RamsKurt Warner
86%
ChiefsPatrick Mahomes
86%
PackersAaron Rodgers
82%
PanthersCam Newton
82%
TexansDeshaun Watson
82%
49ersJoe Montana
82%
BroncosJohn Elway
82%
ChargersJustin Herbert
82%
RavensLamar Jackson
82%
LionsMatthew Stafford
82%
FalconsMatt Ryan
77%
SteelersTerry Bradshaw
77%
CardinalsKyler Murray
73%
CowboysRoger Staubach
73%
EaglesJalen Hurts
68%
JetsJoe Namath
68%
TitansWarren Moon
68%
JaguarsTrevor Lawrence
64%
BrownsOtto Graham
59%
RaidersKen Stabler
50%
VikingsFran Tarkenton
45%
CommandersSammy Baugh
45%
GiantsY.A. Tittle
45%
BearsSid Luckman
36%

Score Distribution

Percentile by Number Answered

Percent of People with Each Score

Your Score History

You have not taken this quiz